Clickable Poetry Terminology Quiz Stats

Quiz Updated Aug 25, 2015

Challenge
Share
Tweet
Embed
Score 0/28 Timer 06:00
29 Plays Today
% Correct
Onomatopoeia
80.2%
Personification
78.7%
Simile
76.1%
Alliteration
75.7%
Metaphor
74.3%
Sonnet
74.3%
Imagery
73.4%
Couplet
72.8%
Epic
72.6%
Quatrain
71.8%
Elegy
69.5%
Stanza
69%
Sestet
68.5%
Octave
68.4%
% Correct
Tone
67%
Meter
66.3%
Irony
65.3%
Rhyme
61.6%
Allegory
58.9%
Theme
58.8%
Assonance
58.5%
Caesura
54.9%
Symbol
54.8%
Enjambment
52.3%
Epigram
46%
Elision
45.1%
Ballad
45.1%
Foot
43%

You're not logged in!

Compare scores with friends on all Sporcle quizzes.
Sign Up with Email
OR
Log In

You Might Also Like...

Show Comments

Extras

Top Quizzes Today


Score Distribution

Your Account Isn't Verified!

In order to create a playlist on Sporcle, you need to verify the email address you used during registration. Go to your Sporcle Settings to finish the process.